000 00496nam a2200181Ia 4500
001 20565
005 20260306172815.0
008 260306t2003||||xx |||||||||||||| ||spa||
041 _aESP
082 _a343.4
_bH411A
100 _aHäberle, Peter
_eAUT
245 0 _aLa garantía del contenido esencial de los derechos fundamentales en la ley fundamental de Bonn
260 _c2003
300 _alxix, 240 páginas :
_c24 cm.
650 _aGEN
654 _aCDE
942 _cLIB
_dJUS
_fJUS
_2ddc
_n
999 _c20565
_d20565